Trasa Autobusu 127 Warszawa - Statystyki

Ogólne statystyki
  • Ten quiz został rozwiązany 27 razy
    26 od ostatniego zresetowania
  • Średni wynik to 15 z 32
Statystyki odpowiedzi
Ulice Przystanki % Poprawnych
Al. Jerozolimskie Dworzec Zachodni
76%
Obywatelska Nowe Włochy
76%
Al. Jerozolimskie Centrum
71%
Al. Jerozolimskie Plac Zawiszy
71%
Browarna Browarna
65%
Al. Jerozolimskie Dworzec Centralny
65%
Al. Jerozolimskie Rondo Zesłańców Syberyjskich
65%
Al. Jerozolimskie Berestecka
59%
Dobra Biblioteka Uniwersytecka
59%
Al. Jerozolimskie Krucza
59%
Książęca Plac Trzech Krzyży
59%
Ks. Juliana Chrościńskiego PKP Włochy
53%
Al. Jerozolimskie Plac Starynkiewicza
53%
Ludna Solec
53%
Juliana Ursyna Niemcewicza Niemcewicza
47%
Al. Jerozolimskie PKP WKD Aleje Jerozolimskie
47%
Al. Jerozolimskie Popularna
47%
Al. Jerozolimskie Białobrzeska
41%
Al. Jerozolimskie Śmigłowca
41%
Sympatyczna Sympatyczna
41%
Solec Aleja 3 Maja
35%
Plac Zofii Wóycickiej Jaracza
35%
Techników Techników
35%
Wałowicka Wałowicka
35%
Al. Jerozolimskie Grzymały-Sokołowskiego
29%
Tamka Metro Centrum Nauki Kopernik
29%
Zajęcza Metro Centrum Nauki Kopernik
29%
Popularna Mikołajska
29%
Ks. Juliana Chrościńskiego Rybnicka
24%
Ks. Juliana Chrościńskiego Szuberta
24%
Ludna Czerniakowska
18%
Techników Płużańska
18%
Nie znaleziono quizów pasujących do podanych kryteriów
Rozkład punktacji
Procent ludzi z każdym wynikiem
Percentyl według liczby udzielonych odpowiedzi
Twoja historia wyników
Nie rozwiązałeś tego quizu od ostatniego zresetowania